<?xml version="1.0" encoding="UTF-8"?>
<collection xmlns="http://www.loc.gov/MARC21/slim">
    <record>
        <controlfield tag="001">64112</controlfield>
        <controlfield tag="005">20171221155210.0</controlfield>
        <datafield tag="037" ind1=" " ind2=" ">
            <subfield code="a">TAZ-TFG-2017-3158</subfield>
        </datafield>
        <datafield tag="041" ind1=" " ind2=" ">
            <subfield code="a">spa</subfield>
        </datafield>
        <datafield tag="100" ind1="1" ind2=" ">
            <subfield code="a">Magoura Galindo, Soraya</subfield>
        </datafield>
        <datafield tag="242" ind1="0" ind2="0">
            <subfield code="a">Residue analysis of acaricides in honey samples from Aragón</subfield>
        </datafield>
        <datafield tag="245" ind1="0" ind2="0">
            <subfield code="a">Análisis de residuos de acaricidas en muestras de mieles aragonesas</subfield>
        </datafield>
        <datafield tag="260" ind1=" " ind2=" ">
            <subfield code="a">Zaragoza</subfield>
            <subfield code="b">Universidad de Zaragoza</subfield>
            <subfield code="c">2017</subfield>
        </datafield>
        <datafield tag="506" ind1=" " ind2=" ">
            <subfield code="a">by-nc-sa</subfield>
            <subfield code="b">Creative Commons</subfield>
            <subfield code="c">3.0</subfield>
            <subfield code="u">http://creativecommons.org/licenses/by-nc-sa/3.0/</subfield>
        </datafield>
        <datafield tag="520" ind1=" " ind2=" ">
            <subfield code="a">Bajo el punto de vista nutricional, la miel es un alimento rico en hidratos de carbono, principalmente fructosa y glucosa, y altamente energético ya que aporta en torno a 300 kcal/100g. Proviene del néctar de plantas o de secreciones de partes vivas de plantas o de excreciones de insectos chupadores presentes en las partes vivas de plantas, que las abejas recolectan, transforman combinándolas con sustancias específicas propias, depositan, deshidratan, almacenan y dejan en colmenas para que madure. Cabe destacar la importancia de la varroosis, parasitosis externa causada por el ácaro Varroa destructor, que afecta a las abejas melíferas (Apis mellifera) en todas sus fases de desarrollo. Es una de las enfermedades más graves de esta especie y, si no es convenientemente tratada, produce alta mortalidad en las colonias. Es por ello que se llevan a cabo tratamientos con medicamentos veterinarios a base de distintos acaricidas de síntesis o bien naturales como ácidos orgánicos, aceites esenciales, entre otros. En el presente trabajo se ha procedido al análisis de varias muestras de miel aragonesas para determinar la presencia de residuos de cumafós, mediante la aplicación de un método cromatográfico, puesto a punto y validado en el Laboratorio de la Unidad de Nutrición y Bromatología, basado en la extracción y purificación mediante extracción en fase sólida (SPE), seguido de identificación y cuantificación por cromatografía líquida de alta resolución (HPLC). Los resultados de dicho análisis fueron positivos, pero en ningún caso las concentraciones halladas de este residuo sobrepasaban los límites máximos permitidos legalmente, ni suponían un riesgo para la salud del consumidor teniendo en cuenta el nivel de ingesta diaria de dicho alimento.</subfield>
        </datafield>
        <datafield tag="521" ind1=" " ind2=" ">
            <subfield code="a">Graduado en Ciencia y Tecnología de los Alimentos</subfield>
        </datafield>
        <datafield tag="540" ind1=" " ind2=" ">
            <subfield code="a">Derechos regulados por licencia Creative Commons</subfield>
        </datafield>
        <datafield tag="700" ind1=" " ind2=" ">
            <subfield code="a">Consuelo Pérez Arquillué</subfield>
            <subfield code="e">dir.</subfield>
        </datafield>
        <datafield tag="700" ind1=" " ind2=" ">
            <subfield code="a">Regina Lázaro Gistau</subfield>
            <subfield code="e">dir.</subfield>
        </datafield>
        <datafield tag="700" ind1=" " ind2=" ">
            <subfield code="a">Lázaro Gistau, Regina</subfield>
            <subfield code="e">dir.</subfield>
        </datafield>
        <datafield tag="700" ind1=" " ind2=" ">
            <subfield code="a">Regina Lázaro Gistau</subfield>
            <subfield code="e">dir.</subfield>
        </datafield>
        <datafield tag="700" ind1=" " ind2=" ">
            <subfield code="a">Pérez Arquillué, Consuelo</subfield>
            <subfield code="e">dir.</subfield>
        </datafield>
        <datafield tag="710" ind1="2" ind2=" ">
            <subfield code="a">Universidad de Zaragoza</subfield>
            <subfield code="b">Producción Animal y Ciencia de los Alimentos</subfield>
            <subfield code="c">Nutrición y Bromatología</subfield>
        </datafield>
        <datafield tag="856" ind1="0" ind2=" ">
            <subfield code="f">682067@celes.unizar.es</subfield>
        </datafield>
        <datafield tag="856" ind1="4" ind2=" ">
            <subfield code="s">1084010</subfield>
            <subfield code="u">http://zaguan.unizar.es/record/64112/files/TAZ-TFG-2017-3158.pdf</subfield>
            <subfield code="y">Memoria (spa)</subfield>
        </datafield>
        <datafield tag="909" ind1="C" ind2="O">
            <subfield code="o">oai:zaguan.unizar.es:64112</subfield>
            <subfield code="p">driver</subfield>
            <subfield code="p">trabajos-fin-grado</subfield>
        </datafield>
        <datafield tag="950" ind1=" " ind2=" ">
            <subfield code="a"></subfield>
        </datafield>
        <datafield tag="951" ind1=" " ind2=" ">
            <subfield code="a">deposita:2017-12-21</subfield>
        </datafield>
        <datafield tag="980" ind1=" " ind2=" ">
            <subfield code="a">TAZ</subfield>
            <subfield code="b">TFG</subfield>
            <subfield code="c">VET</subfield>
        </datafield>
    </record>

    
</collection>